000 01043 a2200193 4500
001 30867
005 20260407155617.0
008 260407a1954 arg spa d
003 AR-UNSa-BCEJYS
040 _aAR-UNSa-BCEJYS
_bspa
_cAR-UNSa-BCEJYS
080 _a657.474
_xTratamiento de los costos
245 1 0 _aContabilidad industrial mecanizada
264 1 _aBuenos Aires :
_bSelección Contable
_c1954
300 _a455 p.
_c23 cm.
505 _a1. El origen de la contabilidad industrial - 2. Generalidades sobre costos - 3. Remuneración - 4. Contabilización de la mano de obra - 5. Almacenes - 6. Apropiación de materias primas y materiales - 7. Gastos - 8. Costos indirectos - 9. Ordenes terminadas - 10. Formas particulares de costo - 11. Los sistemas de costo y su utilidad como medida de la eficiencia industrial - 12. Contabilidad general - 13. Controles varios - 14. Maquinas y equipos utilizados en contabilidad industrial
942 _cBK
590 _aniveau_biblio:m niveau_hierar:0
100 1 _aCorbisier Gallo, Gabriel E.
999 _c2128
_d2128